书目信息 |
| 题名: |
晶体缺陷
|
|
| 作者: | 陈继勤 , 孙敏熊 , 赵敬世 编著 | |
| 分册: | ||
| 出版信息: | 杭州 浙江大学出版社 1992.04 |
|
| 页数: | 304页 | |
| 开本: | 32开 | |
| 丛书名: | ||
| 单 册: | ||
| 中图分类: | TG111.2 | |
| 科图分类: | ||
| 主题词: | 金属学 , 物理冶金学 | |
| 电子资源: | ||
| ISBN: | 7-308-00947-5 | |
| 000 | 00664nam0 2200229 45 | |
| 001 | 0010071579 | |
| 005 | 20001007152212.0 | |
| 010 | @a7-308-00947-5@d3.30元 | |
| 100 | @a20001007d1992 km y0chiy0120 ea | |
| 101 | 0 | @achi |
| 105 | @a z 000yy | |
| 200 | 1 | @a晶体缺陷@AJing Ti Que Xian@f陈继勤,孙敏熊,赵敬世编著@FChen Ji Qin,Sun Min Xiong,Zhao Jing Shi Bian Zhu |
| 210 | @a杭州@c浙江大学出版社@d1992.04 | |
| 215 | @a304页@d32开 | |
| 606 | 0 | @a金属学 |
| 606 | 0 | @a物理冶金学 |
| 690 | @aTG111.2@v3 | |
| 701 | 0 | @a陈继勤@4编著 |
| 701 | 0 | @a孙敏熊@4编著 |
| 701 | 0 | @a赵敬世@4编著 |
| 801 | @aCN@bPftUser@c20001007 | |
| 905 | @b170735-739@dTG111.2@eCH681@f5 | |
| 晶体缺陷/陈继勤,孙敏熊,赵敬世编著.-杭州:浙江大学出版社,1992.04 |
| 304页;32开 |
| ISBN 7-308-00947-5:3.30元 |
| ● |
| 相关链接 |
|
|
|
正题名:晶体缺陷
索取号:TG111.2/CH681
 
预约/预借
| 序号 | 登录号 | 条形码 | 馆藏地/架位号 | 状态 | 备注 |
| 1 | 170735 | 201707359 | 自科库501/501自科库 24排2列1层/ [索取号:TG111.2/CH681] | 在馆 | |
| 2 | 170736 | 201707368 | 自科二线400A/400A自科库 29排2列5层/ [索取号:TG111.2/CH681] | 在馆 | |
| 3 | 170737 | 201707377 | 自科二线400A/400A自科库 29排2列5层/ [索取号:TG111.2/CH681] | 在馆 | |
| 4 | 170738 | 201707386 | 自科二线504/504自科库 41排1列4层/ [索取号:TG111.2/CH681] | 在馆 | |
| 5 | 170739 | 201707395 | 自科库501/501自科库 24排2列1层/ [索取号:TG111.2/CH681] | 在馆 |